Statistiche per Miglior portiere del periodo 1987-2012

Clicka qui per fare il quiz!

Statistiche generali

  • Questo quiz è stato fatto 9 volte
  • Il punteggio medio è 7 su 10

Statistiche sulle risposte

VotiNazionePortiere% Corretto
201Paesi BassiEdwin van der Sar
100%
226ItaliaGianluigi Buffon
100%
213SpagnaIker Casillas
100%
162BaGermaniaOliver Kahn
89%
179DanimarcaPeter Schmeichel
89%
154Repubblica CecaPetr Čech
78%
132ItaliaWalter Zenga
67%
130BrasileCláudio Taffarel
33%
132SpagnaAndoni Zubizarreta
22%
146ParaguayJosé Luis Chilavert
22%

Distribuzione punteggi

Percentile per numero di risposta

Percentuale di utenti per punteggio

I tuoi punteggi nel tempo

Non hai fatto questo quiz